00177 a2200085 450000500170000002000180001710000140003524500250004926000170007420251125110742.0 a9780123914958 aCarter B. aOp Amps For Everyone bNewnesc2013